01310nam a2200325 a 4500001001200000003000800012006001900020007001500039008004100054020001800095020002700113040002100140035002100161050002600182100002000208245018300228246003800411260003700449300003000486500004400516533015200560630001200712630002000724650003000744655002900774700002300803710001700826856012600843999001500969ebr10714618CaPaEBRm o u cr cn|||||||||130603s2013 enka s 000 0 eng d z9781849689168 z9781849689175 (e-book) aCaPaEBRcCaPaEBR a(OCoLC)84991904214aQA76.9.V5bG43 2013eb1 aGeddam, Ramesh.10aInstant VMware view virtualization how-toh[electronic resource] :ba practical guide to getting started with virtualization using VMware view /cRamesh Geddam, Prasenjit Sarkar.14aVMware view virtualization how-to aBirmingham :bPackt Pub.,c2013. a61 p. :bill. (some col.) a"Instant, short, fast, focused"--Cover. aElectronic reproduction.bPalo Alto, Calif. :cebrary,d2013.nAvailable via World Wide Web.nAccess may be limited to ebrary affiliated libraries.00aVMware.00aVMware vSphere. 0aVirtual computer systems. 7aElectronic books.2local1 aSarkar, Prasenjit.2 aebrary, Inc.40uhttp://site.ebrary.com/lib/rucke/Doc?id=10714618zAn electronic book accessible through the World Wide Web; click to view c1620d1620